1342 1961 1630 1658 1045 1990 1308 1390 1576 1164 1587 1920 1982 1759 1391 1740 1928 1290 1152 1289 1228 1103 1078 1475 1722 1706 1380 1011 1189 1728 1280 1312 1168 1764 1551 1518 1330 1315 1115 1063 1429 1145 1394 1171 1927 1162 1367 1413 1077 1856 1229 1407 1996 1969 1512 1948 1801 1751 1250 1777 1822 1383 1414 1725 1973 1120 1955 1761 1248 1061 1761 1702 1102 1756 1375 1529 1472 1387 1708 1378 1692 1883 1025 1597 1373 1034 1667 1696 1188 1122 1985 1761 1563 1343 1258 1952 1220 1597 1478 BCNSPRNW ULIB Ver.6.0+V

เปลี่ยนเป็นภาษาไทย

Change to English
 แสดงรายละเอียดบรรณานุกรม
  กลับหน้าหลัก

Brief Record : Get Marc (ISO 2709) : E-mail record : QR code < ปิดหน้าต่าง
LEADER : 00000nam 2200000uu 4500
001    13399114885
003     ULIB
008    120613s2546||||th 000 0 tha d
020    ^a9744652748
060 04 ^aWA546^bก111น 2546
110 1  ^aกระทรวงสาธารณสุข^bกรมสนับสนุนบริการสุขภาพ.
245 10 ^aแนวปฏิบัติบริการสุขภาพสำหรับศูนย์สุขภาพชุมชนแบบบูรณาการ /^cกรมสนับสนุนบริการสุขภาพ.
260    ^aนนทบุรี:^bกรมสนับสนุนบริการสุขภาพ,^c2546
300    ^a36 หน้า ;^c30 ซม.
650  7 ^aนโยบายด้านสุขภาพ
650  7 ^aนโยบายด้านสาธารณสุข
650  7 ^aศูนย์สุขภาพชุมชน
945    ^p0^l0^i13009
995    ^aกัณชพร
999    ^aใช้งานได้ทุกระบบ
รายการนี้ยังไม่มีแท็ก
คุณยังไม่ได้ล็อกอิน คุณสามารถมีกิจกรรมร่วมกับเว็บไซต์ได้ แต่ต้องล็อกอินก่อน ::
  ล็อกอิน

รายการสื่อสารสนเทศ

ลำดับที่ ประเภท เลขเรียก/บาร์โค้ด สถานที่ สถานะ
- ไม่พบข้อมูล -

รายการใกล้เคียง
    หัวเรื่อง [นโยบายด้านสุขภาพ]
    หัวเรื่อง [นโยบายด้านสาธารณสุข]
    หัวเรื่อง [ศูนย์สุขภาพชุมชน]

BibComment


ยังไม่เคยถูกคอมเมนท์

คอมเมนท์ทรัพยากรรายการนี้
  คอมเมนท์: แนวปฏิบัติบริการ..


 Copyright 2026. Bcnsprnw @Library